| 000 | 00732nja a2200193 a 4500 | ||
|---|---|---|---|
| 003 | BLK | ||
| 005 | 20180422124013.0 | ||
| 008 | 180414c bul|r|ner|||| 00| c0bul d | ||
| 010 | _aNOT00002676005 | ||
| 040 | _aBLK | ||
| 100 | 1 |
_aПалиашвили, Захарий Петрович _eпърви автор _9389132 |
|
| 245 | 1 | 0 |
_aМирзая _bТанез из оперы Абесалом иЭтери _cЗахарий Петрович Палиашвили. |
| 257 | _aRUS | ||
| 380 | _a7 | ||
| 773 |
_0312859 _9665412 _aПалиашвили, Захарий Петрович _tПьесы для кларнета и фортепиано |
||
| 852 | _aЦб М ІІ 5422 | ||
| 942 |
_cNOT _n0 |
||
| 944 |
_aCR _c04.07.2008 _kИрена_Линкова |
||
| 944 |
_aED _c30.01.2010 _k |
||
| 999 |
_c312864 _d312864 |
||